[Event "Aragon-chT Honor Gr II"]
[Site "Aragon"]
[Date "2023.02.25"]
[Round "5.19"]
[White "Hidalgo Gracia, Andres"]
[Black "Martin Catalan, Juan Vicente"]
[Result "0-1"]
[WhiteElo "1852"]
[BlackElo "1939"]
[PlyCount "47"]
[EventDate "2023.01.28"]
[EventType "team-tourn"]
[EventRounds "7"]
[EventCountry "ESP"]
[SourceTitle "EXT 2024"]
[Source "ChessBase"]
[SourceDate "2023.10.10"]
[SourceVersion "1"]
[SourceVersionDate "2023.10.10"]
[SourceQuality "1"]
[WhiteTeam "Monzon"]
[BlackTeam "Teruel"]
[WhiteTeamCountry "ESP"]
[BlackTeamCountry "ESP"]

1. c4 f5 2. g3 Nf6 3. Bg2 e6 4. e3 Nc6 5. Nc3 Be7 6. Nge2 0-0 7. 0-0 d6 8. d3 Bd7 9. Rb1 a5 10. a3 Rb8 11. b4 axb4 12. axb4 Ne5 13. b5 c6 14. Nd4 d5 15. f4 Ng6 16. Qb3 Kh8 17. Ba3 dxc4 18. dxc4 c5 19. Nc2 b6 20. e4 Nxe4 21. Nxe4 fxe4 22. Bxe4 e5 23. Qd3 Bg4 24. Bd5 0-1

[Event "Aragon-chT Honor Gr II"]
[Site "Aragon"]
[Date "2023.02.04"]
[Round "2.23"]
[White "Hidalgo Gracia, Andres"]
[Black "Miranda Herrera, Miguel"]
[Result "1/2-1/2"]
[WhiteElo "1852"]
[BlackElo "1976"]
[PlyCount "120"]
[EventDate "2023.01.28"]
[EventType "team-tourn"]
[EventRounds "7"]
[EventCountry "ESP"]
[SourceTitle "EXT 2024"]
[Source "ChessBase"]
[SourceDate "2023.10.10"]
[SourceVersion "1"]
[SourceVersionDate "2023.10.10"]
[SourceQuality "1"]
[WhiteTeam "Monzon"]
[BlackTeam "Marcos Frechin"]
[WhiteTeamCountry "ESP"]
[BlackTeamCountry "ESP"]

1. c4 e6 2. Nc3 d5 3. cxd5 exd5 4. d4 Nf6 5. Bf4 Bd6 6. Bxd6 Qxd6 7. Nf3 0-0 8. e3 Bf5 9. Bd3 Bxd3 10. Qxd3 Nbd7 11. 0-0 c6 12. a3 a5 13. Rfe1 Rfe8 14. Nd2 a4 15. Rad1 g6 16. e4 dxe4 17. Ndxe4 Nxe4 18. Nxe4 Qd5 19. Re2 Kg7 20. Nc3 Qb3 21. Rde1 Rxe2 22. Rxe2 Rd8 23. d5 cxd5 24. Qxd5 Qxd5 25. Nxd5 Nc5 26. Nc3 f5 27. Re7+ Kf6 28. Rc7 Ne4 29. Nxe4+ fxe4 30. Kf1 b5 31. Rc5 Rb8 32. g3 Ke6 33. Ke2 Kd6 34. Rg5 b4 35. Ra5 bxa3 36. bxa3 Rb2+ 37. Kf1 Rb1+ 38. Kg2 Rb2 39. Rxa4 e3 40. Rf4 Ra2 41. Rf3 exf2 42. Rxf2 Rxa3 43. Rf7 Ra2+ 44. Kh3 Ke6 45. Rxh7 Kf5 46. Rf7+ Kg5 47. Rf3 Rb2 48. Rc3 Ra2 49. Re3 Rb2 50. g4 Rb4 51. Rd3 Ra4 52. Rd5+ Kf6 53. Kh4 Rb4 54. Rd3 Ra4 55. Rf3+ Kg7 56. Kg3 g5 57. h4 gxh4+ 58. Kxh4 Ra5 59. Rb3 Kg6 60. Rb6+ Kg7 1/2-1/2

[Event "Aragon-chT Preferente Gr II"]
[Site "Aragon"]
[Date "2022.02.12"]
[Round "3.55"]
[White "Hidalgo Gracia, Andres"]
[Black "Sese Serrano, Isaac"]
[Result "1-0"]
[WhiteElo "1817"]
[BlackElo "1262"]
[PlyCount "43"]
[EventDate "2022.01.29"]
[EventType "team-tourn"]
[EventRounds "9"]
[EventCountry "ESP"]
[SourceTitle "EXT 2024"]
[Source "ChessBase"]
[SourceDate "2023.10.10"]
[SourceVersion "1"]
[SourceVersionDate "2023.10.10"]
[SourceQuality "1"]
[WhiteTeam "Monzon"]
[BlackTeam "Casablanca MyInvestor III"]
[WhiteTeamCountry "ESP"]
[BlackTeamCountry "ESP"]

1. c4 Nf6 2. Nc3 e6 3. g3 c5 4. Bg2 Be7 5. e4 d6 6. Nge2 0-0 7. 0-0 Nbd7 8. d3 Ne8 9. f4 b6 10. d4 Bb7 11. d5 e5 12. Be3 Nef6 13. h3 Bc8 14. g4 h5 15. gxh5 Nxh5 16. Bf3 Ndf6 17. fxe5 dxe5 18. Kh2 Qd7 19. Ng1 Nf4 20. Bxf4 exf4 21. e5 Nh7 22. d6 1-0

[Event "Aragon-chT Honor Gr-II"]
[Site "Aragon"]
[Date "2020.02.22"]
[Round "5.32"]
[White "Hidalgo Gracia, Andres"]
[Black "Gella Lopez, Angel"]
[Result "1-0"]
[WhiteElo "1818"]
[BlackElo "2083"]
[PlyCount "61"]
[EventDate "2020.01.25"]
[EventType "team-tourn"]
[EventRounds "7"]
[EventCountry "ESP"]
[SourceTitle "EXT 2022"]
[Source "ChessBase"]
[SourceDate "2021.10.06"]
[SourceVersion "1"]
[SourceVersionDate "2021.10.06"]
[SourceQuality "1"]
[WhiteTeam "Monzon"]
[BlackTeam "Huesca Club Atletismo"]
[WhiteTeamCountry "ESP"]
[BlackTeamCountry "ESP"]

1. c4 c5 2. Nc3 Nf6 3. e4 Nc6 4. g3 e6 5. Bg2 d6 6. Nge2 a6 7. 0-0 Be7 8. d3 0-0 9. h3 Bd7 10. Be3 Rb8 11. Qd2 b5 12. f4 b4 13. Nd1 Ne8 14. b3 Bf6 15. Rc1 Nd4 16. Nxd4 Bxd4 17. Bxd4 cxd4 18. e5 Qc7 19. exd6 Nxd6 20. Qb2 Qc5 21. Re1 f6 22. Nf2 e5 23. Bd5+ Kh8 24. fxe5 fxe5 25. Rxe5 Nf5 26. g4 Nh4 27. Rh5 Qc7 28. Ne4 Nf3+ 29. Kh1 g6 30. Rh4 Nxh4 31. Qxd4+ 1-0

[Event "Aragon-chT Preferente Gr-II"]
[Site "Aragon"]
[Date "2019.03.02"]
[Round "6.72"]
[White "Salas Latorre, Jose"]
[Black "Hidalgo Gracia, Andres"]
[Result "1/2-1/2"]
[WhiteElo "1718"]
[BlackElo "1846"]
[PlyCount "78"]
[EventDate "2019.01.26"]
[EventType "team-tourn"]
[EventRounds "9"]
[EventCountry "ESP"]
[SourceTitle "EXT 2020"]
[Source "ChessBase"]
[SourceDate "2019.10.17"]
[SourceVersion "1"]
[SourceVersionDate "2019.10.17"]
[SourceQuality "1"]
[WhiteTeam "Jaime Casas II"]
[BlackTeam "Monzon"]
[WhiteTeamCountry "ESP"]
[BlackTeamCountry "ESP"]

1. c4 e5 2. e4 Nf6 3. Nc3 Bb4 4. d3 Bxc3+ 5. bxc3 0-0 6. Be2 h6 7. Nf3 Re8 8. 0-0 c6 9. Qc2 d5 10. cxd5 cxd5 11. exd5 Qxd5 12. Rd1 Nc6 13. Rb1 Bg4 14. Be3 Rac8 15. Qb3 Na5 16. Qb4 b6 17. Rd2 Qe6 18. c4 Nc6 19. Qb2 Rcd8 20. h3 Bh5 21. Ne1 Bg6 22. Bf3 Nd4 23. Bxd4 Rxd4 24. Rbd1 Red8 25. Be2 R4d7 26. Nf3 Re7 27. Re1 e4 28. dxe4 Rde8 29. e5 Nd7 30. Rd6 Qf5 31. Bd3 Qh5 32. Bxg6 fxg6 33. e6 Nc5 34. Re5 g5 35. Qe2 Qg6 36. Nd4 Kh7 37. Qe3 Qd3 38. Qxd3+ Nxd3 39. Re3 Nc5 1/2-1/2

[Event "Aragon-chT Preferente Gr II"]
[Site "Aragon"]
[Date "2018.03.17"]
[Round "8.72"]
[White "Sacristan Latorre, Carlos"]
[Black "Hidalgo Gracia, Andres"]
[Result "1/2-1/2"]
[WhiteElo "1637"]
[BlackElo "1774"]
[PlyCount "78"]
[EventDate "2018.01.27"]
[EventType "team-tourn"]
[EventRounds "9"]
[EventCountry "ESP"]
[SourceTitle "EXT 2019"]
[Source "ChessBase"]
[SourceDate "2018.10.10"]
[SourceVersion "1"]
[SourceVersionDate "2018.10.10"]
[SourceQuality "1"]
[WhiteTeam "Palacio de Pioneros II"]
[BlackTeam "Monzon"]
[WhiteTeamCountry "ESP"]
[BlackTeamCountry "ESP"]

1. e4 c5 2. Nf3 e6 3. d4 cxd4 4. Nxd4 Nc6 5. Be3 Qc7 6. Be2 a6 7. 0-0 Nf6 8. Nd2 Be7 9. f4 Nxd4 10. Bxd4 Bc5 11. Bxc5 Qxc5+ 12. Kh1 b5 13. Bf3 Bb7 14. c3 d5 15. e5 Ne4 16. Bxe4 dxe4 17. Qe2 Qd5 18. Rfe1 0-0-0 19. Nb3 Kb8 20. Rad1 Qc6 21. Na5 Qb6 22. Nxb7 Qxb7 23. Kg1 Kc7 24. Kf1 Rxd1 25. Rxd1 Rd8 26. Rxd8 Kxd8 27. Qd2+ Qd5 28. Qxd5+ exd5 29. Ke2 f6 30. exf6 gxf6 31. g4 Ke7 32. Ke3 Ke6 33. Kd4 f5 34. h3 Kf6 35. b3 Ke6 36. a3 Kf6 37. c4 dxc4 38. bxc4 bxc4 39. Kxc4 h6 1/2-1/2

[Event "Aragon-chT Preferente A"]
[Site "Aragon"]
[Date "2017.03.18"]
[Round "8.51"]
[White "Guetas Sanchez, Hugo"]
[Black "Hidalgo Gracia, Andres"]
[Result "1-0"]
[WhiteElo "2131"]
[BlackElo "1797"]
[PlyCount "65"]
[EventDate "2017.01.28"]
[EventType "team-tourn"]
[EventRounds "9"]
[EventCountry "ESP"]
[SourceTitle "EXT 2018"]
[Source "ChessBase"]
[SourceDate "2017.10.13"]
[SourceVersion "1"]
[SourceVersionDate "2017.10.13"]
[SourceQuality "1"]
[WhiteTeam "Barbastro"]
[BlackTeam "Monzon"]
[WhiteTeamCountry "ESP"]
[BlackTeamCountry "ESP"]

1. e4 c5 2. Nf3 e6 3. d4 cxd4 4. Nxd4 Nc6 5. Nc3 Qc7 6. Be3 a6 7. g3 Nf6 8. Bg2 Be7 9. 0-0 0-0 10. Nb3 b5 11. a3 Bb7 12. f4 Rfd8 13. e5 Ne8 14. a4 b4 15. Ne4 d6 16. Qh5 dxe5 17. fxe5 Nxe5 18. a5 g6 19. Qh3 Nc4 20. Rxf7 Ng7 21. Ng5 Bxg5 22. Rxc7 Bxe3+ 23. Kh1 Bxg2+ 24. Qxg2 Nd6 25. Rd1 Nde8 26. Rcd7 Rxd7 27. Rxd7 Rc8 28. Qf3 Nf5 29. g4 Nf6 30. Qb7 Rf8 31. gxf5 Nxd7 32. Qxd7 Bg5 33. fxe6 1-0

[Event "Aragon-chT Preferente A"]
[Site "Aragon"]
[Date "2017.02.25"]
[Round "5.43"]
[White "Hidalgo Gracia, Andres"]
[Black "Alonso Blasco, Jose Miguel"]
[Result "0-1"]
[WhiteElo "1797"]
[BlackElo "1952"]
[PlyCount "94"]
[EventDate "2017.01.28"]
[EventType "team-tourn"]
[EventRounds "9"]
[EventCountry "ESP"]
[SourceTitle "EXT 2018"]
[Source "ChessBase"]
[SourceDate "2017.10.13"]
[SourceVersion "1"]
[SourceVersionDate "2017.10.13"]
[SourceQuality "1"]
[WhiteTeam "Monzon"]
[BlackTeam "Las Fuentes"]
[WhiteTeamCountry "ESP"]
[BlackTeamCountry "ESP"]

1. c4 Nf6 2. Nf3 e6 3. d4 Bb4+ 4. Bd2 Qe7 5. a3 Bxd2+ 6. Nbxd2 d6 7. e3 0-0 8. Be2 e5 9. d5 a5 10. 0-0 a4 11. b4 axb3 12. Nxb3 Bd7 13. Qb1 b6 14. h3 Ba4 15. Nfd2 Na6 16. Bd1 Nd7 17. Nc1 Nac5 18. Ne2 Bxd1 19. Rxd1 Na4 20. Ne4 f5 21. N4c3 Ndc5 22. Nb5 Rf7 23. Qc2 Qh4 24. Rac1 Ne4 25. Rf1 Nac5 26. Nec3 Raf8 27. Ra1 Nxc3 28. Qxc3 f4 29. exf4 Rxf4 30. g3 Qg5 31. Qe3 Qg6 32. Qe2 R4f7 33. Ra2 Ne4 34. Qg4 Ng5 35. Kg2 h5 36. Qe2 Ne4 37. Qe3 h4 38. g4 Ng5 39. Rh1 Rf3 40. Qe1 Nxh3 41. Rxh3 Qxg4+ 42. Rg3 hxg3 43. fxg3 Qxc4 44. Rb2 Rf1 45. Qe3 Qxd5+ 46. Kh3 Rh1+ 47. Kg4 Qe6+ 0-1

[Event "Huesca CupT"]
[Site "Monzon"]
[Date "2017.01.22"]
[Round "1.2"]
[White "Hidalgo Gracia, Andres"]
[Black "Arino Castan, Federico"]
[Result "1/2-1/2"]
[WhiteElo "1844"]
[BlackElo "1768"]
[PlyCount "112"]
[EventDate "2017.01.22"]
[EventType "team-k.o."]
[EventRounds "3"]
[EventCountry "ESP"]
[SourceTitle "EXT 2018"]
[Source "ChessBase"]
[SourceDate "2017.10.13"]
[SourceVersion "1"]
[SourceVersionDate "2017.10.13"]
[SourceQuality "1"]
[WhiteTeam "Monzon"]
[BlackTeam "Binefar"]
[WhiteTeamCountry "ESP"]
[BlackTeamCountry "ESP"]

1. c4 Nf6 2. Nc3 d5 3. cxd5 Nxd5 4. d4 g6 5. Nf3 Bg7 6. e4 Nxc3 7. bxc3 0-0 8. Be2 c5 9. Be3 Nc6 10. h3 Qa5 11. Qd2 Rd8 12. Rd1 Be6 13. 0-0 cxd4 14. cxd4 Qxd2 15. Rxd2 Bd7 16. Rb1 b6 17. d5 Na5 18. Bd4 Bxd4 19. Nxd4 Rac8 20. Ba6 Rc5 21. Nb3 Nxb3 22. Rxb3 Bc8 23. Bxc8 Rdxc8 24. Rbd3 Rc1+ 25. Kh2 R1c3 26. Kg3 b5 27. f4 b4 28. Rxc3 Rxc3+ 29. Kg4 h5+ 30. Kh4 f6 31. d6 exd6 32. Rxd6 Kg7 33. Rd7+ Kh6 34. Rd6 Kg7 35. Ra6 Rc7 36. g4 hxg4 37. Kxg4 Rf7 38. e5 fxe5 39. fxe5 Kh6 40. e6 Re7 41. Kf4 Kg7 42. Ke5 Rb7 43. Rd6 Rb5+ 44. Rd5 Rxd5+ 45. Kxd5 Kf8 46. Kc4 Ke7 47. Kxb4 Kxe6 48. Kb5 Kf5 49. a4 Kg5 50. Ka6 Kh4 51. Kxa7 Kxh3 52. Kb7 g5 53. a5 g4 54. a6 g3 55. a7 g2 56. a8Q g1Q 1/2-1/2